000 00746nam a2200217 a 4500
001 000044587
005 20201002045500.0
008 140718s1997 mx ac 000 0 spa d
020 _a9681903455
040 _aDO-SdBNP
_bspa
_cBNPHU
082 _axxxx
_bxxxx
100 1 _aCastañeda, Jorge G.,
_c1953-
_972617
245 1 3 _aLa vida en rojo :
_buna biografía del Che Guevara /
_cJorge G. Castañeda.
260 _aMéxico :
_bAlfaguara,
_c1997.
300 _a557 p. :
_bil. retrs. ;
_c24 cm.
490 1 _aExtra Alfaguara
500 _aIncluye datos biográficos del autor en la solapa de la cubierta
500 _aIncluye referencias bibliográficas y notas al pie de las páginas
500 _aEn proceso
830 0 _aExtra Alfaguara
_916634
999 _c44076
_d44076